000 00642nam a22001817a 4500
005 20251108171737.0
008 250721s1993 xx 000 0 ara d
082 1 4 _a001.5/عاط
100 1 _aالعبد، عاطف عدلي
245 1 0 _aالأسلوب الإحصائي و إستخداماته في بحوث الرأي العام و الإعلام :
_bالدراسات الميدانية .... /
264 1 _aالقاهرة :
_bدار الفكر العربي،
_c1993.
300 _a300ص
650 1 7 _aالإعلام
650 1 7 _aالرأى العام
700 1 _aعزمي، زكي أحمد
942 _2ddc
_cBK
999 _c61408
_d61408